Missing Word: 'V' Authors Quiz Stats

Quiz Updated Sep 28, 2016

Challenge
Share
Tweet
Embed
Score 0/10 Timer 03:00
0 Plays Today
Author Answer % Correct
Jules _____Verne
97.6%
_____ HugoVictor
96.6%
_____ WoolfVirginia
95.1%
Kurt _____Vonnegut
84.5%
Gore _____Vidal
83.5%
_____ NabokovVladimir
67.4%
Chris _____ AllsburgVan
57.8%
_____ RothVeronica
29.9%
Mario _____ LlosaVargas
23%
Judith _____Viorst
18.8%

Today's Daily Dose

Missing Word
1974 Movies A-Z

Word Ladder
The White Album

Quick Pick
Gods of War

On This Day
February 22nd II

You're not logged in!

Compare scores with friends on all Sporcle quizzes.
Sign Up with Email
OR
Log In

You Might Also Like...

Show Comments

Extras

Top Quizzes Today


Score Distribution

Your Account Isn't Verified!

In order to create a playlist on Sporcle, you need to verify the email address you used during registration. Go to your Sporcle Settings to finish the process.